| 000 | 01127cam a2200313 a 4500 | ||
|---|---|---|---|
| 001 | 17885963 | ||
| 003 | Nust- CAS-E | ||
| 005 | 20180118181406.0 | ||
| 008 | 130913s2014 enkab 001 0 eng | ||
| 010 | _a 2013037386 | ||
| 020 | _a9781119991946 (cloth) | ||
| 040 |
_aDLC _cDLC _dDLC |
||
| 042 | _apcc | ||
| 050 | 0 | 0 |
_aSB288 _b.K37 2014 |
| 082 | 0 | 0 |
_a333.95 _223 _bKAR-C 2014 |
| 100 | 1 |
_aKarlen, D. L. _q(Douglas L.) |
|
| 245 | 1 | 0 |
_aCellulosic energy cropping systems / _ceditor, Douglas L. Karlen. |
| 300 |
_axxv, 372 p. : _bill., maps ; _c26 cm. |
||
| 500 | _aIncludes index. | ||
| 502 | _a0 | ||
| 650 | 0 | _aEnergy crops. | |
| 650 | 0 | _aBiomass energy. | |
| 650 | 0 |
_aCellulose _xBiotechnology. |
|
| 650 | 0 |
_aCellulose _xChemistry. |
|
| 776 | 0 | 8 |
_iOnline version: _aKarlen, D. L. (Douglas L.) _tCellulosic energy cropping systems _dChichester, West Sussex : John Wiley & Sons Ltd, [2014] _z9781118676325 _w(DLC) 2013038448 |
| 906 |
_a7 _bcbc _corignew _d1 _eecip _f20 _gy-gencatlg |
||
| 942 |
_2ddc _cBK |
||
| 999 |
_c355583 _d355583 |
||